[Event "North American Open 2014"]
[Site "Las Vegas"]
[Date "2014.12.29"]
[Round "8.26"]
[White "Arenas, David"]
[Black "Ghatti, Sanjay"]
[Result "1-0"]
[WhiteElo "2435"]
[BlackElo "2079"]
[PlyCount "137"]
[EventDate "2014.12.??"]
[EventType "swiss"]
[EventRounds "9"]
[EventCountry "USA"]
[Source "MonRoi"]

1. e4 c6 2. d4 d5 3. e5 c5 4. dxc5 Nc6 5. Bb5 e6 6. Be3 Bd7 7. Bxc6 Bxc6 8. Nf3
Ne7 9. c3 Nf5 10. Bd4 Nxd4 11. Qxd4 b6 12. cxb6 axb6 13. O-O Bb5 14. Re1 Bc5
15. Qd1 O-O 16. Nd4 Ba6 17. b4 Bxd4 18. Qxd4 Bc4 19. a4 Qd7 20. Nd2 Qc6 21.
Nxc4 dxc4 22. Qe4 Qd7 23. b5 Rfc8 24. h3 Qd3 25. Re3 Rxa4 26. Rxa4 Qd1+ 27. Re1
Qxa4 28. Qb7 Qa8 29. Qxb6 Qd5 30. Qa6 Rb8 31. b6 Qd2 32. Qa1 h6 33. Rb1 Qd5 34.
Qa4 Qd3 35. Qb4 Kh7 36. b7 Qe4 37. g3 g6 38. Qb5 Kg7 39. Kh2 Qc2 40. Qb2 Qe4
41. Qb4 Qc2 42. Rb2 Qe4 43. h4 h5 44. Qc5 Rxb7 45. Rxb7 Qxb7 46. Qxc4 Qf3 47.
Qd4 Kh7 48. c4 Kg7 49. c5 Kf8 50. Kg1 Kg7 51. Qc4 Qc6 52. Qc3 Kg8 53. Qd4 Kg7
54. Qd6 Qe4 55. c6 Qe1+ 56. Kg2 Qe4+ 57. Kf1 Qh1+ 58. Ke2 Qe4+ 59. Kd2 Qf3 60.
Qc5 Qb3 61. c7 Qb2+ 62. Ke3 Qb3+ 63. Ke2 Qb2+ 64. Kf1 Qb1+ 65. Kg2 Qb7+ 66. Kh2
Qc8 67. Qe7 Qb7 68. Qf6+ Kh6 69. Qh8# 1-0

[Event "North American Open 2014"]
[Site "Las Vegas"]
[Date "2014.12.29"]
[Round "8.27"]
[White "Sinha, Sahil"]
[Black "Winer, Steven"]
[Result "1/2-1/2"]
[WhiteElo "2063"]
[BlackElo "2380"]
[PlyCount "45"]
[EventDate "2014.12.??"]
[EventType "swiss"]
[EventRounds "9"]
[EventCountry "USA"]
[Source "MonRoi"]

1. d4 d5 2. c4 c6 3. cxd5 cxd5 4. Nc3 Nc6 5. Nf3 Nf6 6. Bf4 a6 7. e3 Bg4 8. Be2
e6 9. O-O Be7 10. h3 Bxf3 11. Bxf3 O-O 12. Rc1 Rc8 13. Qd2 b5 14. a3 Qb6 15.
Nb1 Na5 16. Rxc8 Rxc8 17. Rc1 Rxc1+ 18. Qxc1 Qc6 19. Qxc6 Nxc6 20. Nd2 Ne8 21.
Kf1 Bd6 22. Bxd6 Nxd6 23. b3 1/2-1/2

[Event "North American Open 2014"]
[Site "Las Vegas"]
[Date "2014.12.29"]
[Round "8.31"]
[White "Yanayt, Eugene"]
[Black "Chow, Colin"]
[Result "0-1"]
[WhiteElo "2247"]
[BlackElo "2123"]
[PlyCount "47"]
[EventDate "2014.12.??"]
[EventType "swiss"]
[EventRounds "9"]
[EventCountry "USA"]
[Source "MonRoi"]

1. d4 e6 2. g3 Nf6 3. c4 d5 4. Bg2 dxc4 5. Nf3 c5 6. Qa4+ Nbd7 7. O-O a6 8. Nc3
Be7 9. Rd1 O-O 10. dxc5 Bxc5 11. Bg5 Qc7 12. Nd2 Bxf2+ 13. Kh1 Nb6 14. Qc2 Ng4
15. Qe4 f5 16. Qf3 h6 17. h3 hxg5 18. Nf1 Rf6 19. e4 Rh6 20. b4 Bd7 21. exf5
exf5 22. Nd5 Nxd5 23. Qxd5+ Be6 24. Qxb7 0-1

[Event "North American Open 2014"]
[Site "Las Vegas"]
[Date "2014.12.30"]
[Round "9.2"]
[White "Yermolinsky, Alex"]
[Black "Becerra, Julio"]
[Result "1/2-1/2"]
[WhiteElo "2519"]
[BlackElo "2546"]
[PlyCount "40"]
[EventDate "2014.12.??"]
[EventType "swiss"]
[EventRounds "9"]
[EventCountry "USA"]
[Source "MonRoi"]

1. d4 d5 2. c4 c6 3. Nf3 Nf6 4. Nc3 dxc4 5. a4 Bf5 6. e3 e6 7. Bxc4 Nbd7 8. O-O
Bb4 9. Qe2 O-O 10. e4 Bg6 11. Bd3 Rc8 12. e5 Nd5 13. Bxg6 fxg6 14. Ne4 h6 15.
Bd2 Be7 16. a5 a6 17. b4 g5 18. Rab1 Rb8 19. Rfc1 Rf7 20. Ne1 Nf8 1/2-1/2

[Event "North American Open 2014"]
[Site "Las Vegas"]
[Date "2014.12.30"]
[Round "9.3"]
[White "Bu, Xiangzhi"]
[Black "Erenburg, Sergey"]
[Result "1/2-1/2"]
[WhiteElo "2691"]
[BlackElo "2601"]
[PlyCount "113"]
[EventDate "2014.12.??"]
[EventType "swiss"]
[EventRounds "9"]
[EventCountry "USA"]
[Source "MonRoi"]

1. Nf3 d5 2. d4 Nf6 3. c4 c6 4. e3 a6 5. Bd3 Bg4 6. Nbd2 e6 7. b3 c5 8. Bb2
cxd4 9. exd4 Bb4 10. Be2 Ne4 11. O-O Nxd2 12. Nxd2 Bxe2 13. Qxe2 Bxd2 14. Qxd2
O-O 15. Rfe1 Nc6 16. Re3 Qd7 17. Rae1 Rad8 18. Rg3 f6 19. c5 Rfe8 20. Rge3 Re7
21. b4 Rde8 22. a4 e5 23. dxe5 Nxe5 24. b5 axb5 25. axb5 Qxb5 26. Bxe5 fxe5 27.
Qxd5+ Kh8 28. h3 h6 29. Rxe5 Rxe5 30. Rxe5 Rxe5 31. Qxe5 Kg8 32. Qd5+ Kf8 33.
Kh2 Ke7 34. Qe5+ Kf7 35. Qc7+ Kg8 36. f4 Qc4 37. Qe5 Qc2 38. f5 Qf2 39. Qe6+
Kh8 40. Qe8+ Kh7 41. Qe5 Kg8 42. f6 Qxf6 43. Qxf6 gxf6 44. Kg3 Kf7 45. Kf4 Ke6
46. Ke4 f5+ 47. Kd4 f4 48. Ke4 Kd7 49. Kd5 Kc7 50. h4 Kd7 51. h5 Kc7 52. Kd4
Kc6 53. Kc4 Kd7 54. Kd5 Kc7 55. Ke5 Kc6 56. Kd4 Kc7 57. Kd5 1/2-1/2

[Event "North American Open 2014"]
[Site "Las Vegas"]
[Date "2014.12.30"]
[Round "9.4"]
[White "Sevillano, Enrico"]
[Black "Zhou, Jianchao"]
[Result "1/2-1/2"]
[WhiteElo "2465"]
[BlackElo "2587"]
[PlyCount "86"]
[EventDate "2014.12.??"]
[EventType "swiss"]
[EventRounds "9"]
[EventCountry "USA"]
[Source "MonRoi"]

1. e4 c5 2. c3 Nf6 3. e5 Nd5 4. Nf3 Nc6 5. d4 cxd4 6. cxd4 d6 7. Bc4 dxe5 8.
dxe5 Ndb4 9. Qb3 e6 10. O-O Na5 11. Bb5+ Bd7 12. Qa4 Bxb5 13. Qxb5+ Nac6 14.
Nc3 a6 15. Qc4 Qd3 16. Qb3 b5 17. a3 Na5 18. Qd1 Qxd1 19. Rxd1 Nb3 20. Rb1 Nc6
21. Ne4 a5 22. Be3 a4 23. Ned2 Nba5 24. b4 axb3 25. Nxb3 Nc4 26. Nbd4 Nxd4 27.
Nxd4 Nxe3 28. fxe3 Bxa3 29. Rxb5 Be7 30. Nf3 O-O 31. Rd7 Ba3 32. Kf2 Bc1 33.
Nd4 Ra3 34. Nb3 Bb2 35. Nd2 Bc1 36. Nb3 Ra2+ 37. Kf3 Rc2 38. Nd4 Rc3 39. Ne2
Rc2 40. Nd4 Rc3 41. Ne2 Rc4 42. Rb3 h6 43. g4 Rc2 1/2-1/2

[Event "North American Open 2014"]
[Site "Las Vegas"]
[Date "2014.12.30"]
[Round "9.5"]
[White "Chandra, Akshat"]
[Black "Huang, Qian"]
[Result "1/2-1/2"]
[WhiteElo "2489"]
[BlackElo "2464"]
[PlyCount "48"]
[EventDate "2014.12.??"]
[EventType "swiss"]
[EventRounds "9"]
[EventCountry "USA"]
[Source "MonRoi"]

1. e4 d5 2. exd5 Qxd5 3. Nc3 Qd6 4. d4 Nf6 5. Nf3 g6 6. Bc4 Bg7 7. O-O O-O 8.
Qe2 Bg4 9. Rd1 c6 10. h3 Bxf3 11. Qxf3 Nbd7 12. Bf4 Qb4 13. Bb3 Qa5 14. d5 Rac8
15. Re1 Rfe8 16. Rad1 Nb6 17. dxc6 bxc6 18. Re5 Nbd5 19. Nxd5 Nxd5 20. Bxd5
cxd5 21. Qxd5 Qb6 22. Re3 Qxb2 23. Qb3 h5 24. c4 a5 1/2-1/2

[Event "North American Open 2014"]
[Site "Las Vegas"]
[Date "2014.12.30"]
[Round "9.7"]
[White "Gallego, Andres"]
[Black "Bora, Safal"]
[Result "0-1"]
[WhiteElo "2411"]
[BlackElo "2379"]
[PlyCount "74"]
[EventDate "2014.12.??"]
[EventType "swiss"]
[EventRounds "9"]
[EventCountry "USA"]
[Source "MonRoi"]

1. d4 Nf6 2. c4 g6 3. Nc3 d5 4. cxd5 Nxd5 5. e4 Nxc3 6. bxc3 Bg7 7. Nf3 c5 8.
Rb1 O-O 9. Be2 Nc6 10. d5 Ne5 11. Nxe5 Bxe5 12. Qd2 e6 13. c4 exd5 14. cxd5 f5
15. exf5 Qh4 16. g4 Bxf5 17. gxf5 Qe4 18. Rg1 Qxb1 19. fxg6 Qb4 20. gxh7+ Kh8
21. Qxb4 cxb4 22. Bd3 a5 23. d6 Rfd8 24. Rg6 a4 25. Re6 Bg7 26. Bg5 Rd7 27. Be7
b3 28. a3 b2 29. Re4 b5 30. Ke2 Bc3 31. Bb1 Rc8 32. Rg4 b4 33. axb4 Bg7 34. Kf3
Rc1 35. Bf5 b1=Q 36. Bxb1 Rxb1 37. b5 Ra7 0-1

[Event "North American Open 2014"]
[Site "Las Vegas"]
[Date "2014.12.30"]
[Round "9.8"]
[White "Ruiz, Joshua"]
[Black "Tang, Andrew"]
[Result "1-0"]
[WhiteElo "2377"]
[BlackElo "2326"]
[PlyCount "123"]
[EventDate "2014.12.??"]
[EventType "swiss"]
[EventRounds "9"]
[EventCountry "USA"]
[Source "MonRoi"]

1. e4 e5 2. Nf3 Nc6 3. Bb5 a6 4. Ba4 Nf6 5. Qe2 b5 6. Bb3 Be7 7. c3 O-O 8. O-O
d5 9. d3 Bb7 10. Rd1 Re8 11. Nbd2 Bf8 12. Nf1 Na5 13. Bc2 c5 14. h3 g6 15. g4
Bg7 16. Ng3 d4 17. Kh2 Qb6 18. c4 Nd7 19. b3 Nf8 20. Nh4 Ne6 21. Ng2 Qd6 22.
Rf1 Nc6 23. h4 Ncd8 24. Qd2 Qe7 25. Bd1 Nc6 26. Rh1 h6 27. Kg1 Qc7 28. a3 Kf8
29. Qc2 b4 30. Bd2 Nf4 31. g5 hxg5 32. hxg5 bxa3 33. Rxa3 Nb4 34. Bxb4 cxb4 35.
Ra2 Ke7 36. Qd2 a5 37. Nxf4 exf4 38. Ne2 Be5 39. Rh4 Rh8 40. Rg4 f3 41. Nf4 Kf8
42. Bxf3 Bc8 43. Nd5 Bxg4 44. Bxg4 Qd6 45. Kg2 Rh4 46. Kf3 Kg7 47. Ra1 Rh2 48.
Qc1 Qc5 49. Qg1 Rah8 50. Qb1 Bc7 51. Qc2 Bd6 52. Rg1 Qc6 53. Qb2 Be5 54. Ra1
Ra8 55. Qa2 Qd6 56. Qa4 f6 57. c5 Qf8 58. Qd7+ Kh8 59. Ne7 fxg5+ 60. Bf5 Rh6
61. Rh1 Kh7 62. Nxg6+ 1-0

[Event "North American Open 2014"]
[Site "Las Vegas"]
[Date "2014.12.30"]
[Round "9.9"]
[White "Gurevich, Daniel"]
[Black "Shetty, Atulya"]
[Result "1/2-1/2"]
[WhiteElo "2365"]
[BlackElo "2307"]
[PlyCount "57"]
[EventDate "2014.12.??"]
[EventType "swiss"]
[EventRounds "9"]
[EventCountry "USA"]
[Source "MonRoi"]

1. e4 e6 2. d4 d5 3. Nd2 c5 4. exd5 Qxd5 5. Ngf3 cxd4 6. Bc4 Qd6 7. O-O Nf6 8.
Nb3 Nc6 9. Nbxd4 Nxd4 10. Qxd4 a6 11. Qh4 b5 12. Bf4 Qb4 13. Bb3 Nh5 14. Qxh5
Qxf4 15. Rfe1 g6 16. Qd5 Ra7 17. Rad1 Rd7 18. Qc6 Qc7 19. Bxe6 fxe6 20. Qxe6+
Re7 21. Qf6 Rg8 22. Ng5 Rgg7 23. Ne4 Re6 24. Ng5 Ree7 25. h3 Bd7 26. Ne4 Re6
27. Ng5 Ree7 28. Ne4 Re6 29. Ng5 1/2-1/2

[Event "North American Open 2014"]
[Site "Las Vegas"]
[Date "2014.12.30"]
[Round "9.10"]
[White "Kavutskiy, Kostya"]
[Black "Nanjo, Ryosuke"]
[Result "1/2-1/2"]
[WhiteElo "2332"]
[BlackElo "2348"]
[PlyCount "99"]
[EventDate "2014.12.??"]
[EventType "swiss"]
[EventRounds "9"]
[EventCountry "USA"]
[Source "MonRoi"]

1. d4 d5 2. c4 e6 3. Nf3 c6 4. e3 Nf6 5. Nbd2 Nbd7 6. Bd3 Bd6 7. O-O O-O 8. e4
e5 9. cxd5 cxd5 10. exd5 exd4 11. Ne4 Nxe4 12. Bxe4 Nc5 13. Bc2 Bg4 14. h3 Bh5
15. Qxd4 Bxf3 16. gxf3 Nd7 17. Be3 Ne5 18. Kg2 Rc8 19. Rac1 f5 20. Bd1 f4 21.
Rxc8 Qxc8 22. Bd2 Qf5 23. Qe4 Qg5+ 24. Kh2 Rf6 25. Rg1 Qh5 26. Qe2 Rh6 27. Qf1
Nf7 28. Rg4 Ne5 29. Rg1 g6 30. Qg2 Nc4 31. Bc3 Qf5 32. Qg4 Qxg4 33. Rxg4 Rh5
34. Be2 b5 35. b3 Na3 36. h4 Rxd5 37. Rg5 Rxg5 38. hxg5 a6 39. Kh3 Kf7 40. Bd3
Ke6 41. Kg4 Kd5 42. Bb2 a5 43. Bxa3 Bxa3 44. Kxf4 Bc1+ 45. Kg4 b4 46. Bc4+ Ke5
47. Bg8 h6 48. gxh6 Bxh6 49. Bf7 Kf6 50. Be8 1/2-1/2

[Event "North American Open 2014"]
[Site "Las Vegas"]
[Date "2014.12.30"]
[Round "9.11"]
[White "Vera, Reinaldo"]
[Black "Kretchetov, Alexandre"]
[Result "1/2-1/2"]
[WhiteElo "2445"]
[BlackElo "2234"]
[PlyCount "40"]
[EventDate "2014.12.??"]
[EventType "swiss"]
[EventRounds "9"]
[EventCountry "USA"]
[Source "MonRoi"]

1. d4 d5 2. c4 c6 3. Nc3 Nf6 4. e3 g6 5. Nf3 Bg7 6. cxd5 cxd5 7. Bb5+ Nbd7 8.
O-O O-O 9. a4 a6 10. Be2 b6 11. b3 Bb7 12. Ba3 Re8 13. Rc1 Rc8 14. Qd2 Bf8 15.
Qb2 e6 16. Bxf8 Nxf8 17. Rc2 Re7 18. Rfc1 Rec7 19. Ne5 Qe7 20. f4 Ne8 1/2-1/2

[Event "North American Open 2014"]
[Site "Las Vegas"]
[Date "2014.12.30"]
[Round "9.12"]
[White "Shen, Yang"]
[Black "Vittorino, Carlo"]
[Result "1-0"]
[WhiteElo "2475"]
[BlackElo "2322"]
[PlyCount "87"]
[EventDate "2014.12.??"]
[EventType "swiss"]
[EventRounds "9"]
[EventCountry "USA"]
[Source "MonRoi"]

1. d4 Nf6 2. c4 g6 3. Nc3 Bg7 4. e4 d6 5. Be2 O-O 6. Nf3 e5 7. O-O Nc6 8. d5
Ne7 9. b4 Nh5 10. Re1 a5 11. bxa5 f5 12. Nd2 Nf6 13. f3 Rxa5 14. Nb3 Ra8 15. c5
Kh8 16. Be3 Neg8 17. a4 h5 18. exf5 gxf5 19. Bf2 Nh7 20. f4 h4 21. Qd3 Nh6 22.
cxd6 cxd6 23. h3 Nf7 24. Bh5 Bd7 25. a5 Qf6 26. Qd2 exf4 27. Bxf7 Qxc3 28. Qxc3
Bxc3 29. Re7 Ng5 30. Rc1 Rxf7 31. Rxf7 Nxf7 32. Rxc3 Rc8 33. Rxc8+ Bxc8 34.
Bxh4 Ne5 35. Bf6+ Kg8 36. Bxe5 dxe5 37. Nc5 Kf7 38. d6 Ke8 39. h4 f3 40. gxf3
f4 41. h5 Bf5 42. h6 Kd8 43. Nxb7+ Kd7 44. a6 1-0

[Event "North American Open 2014"]
[Site "Las Vegas"]
[Date "2014.12.30"]
[Round "9.13"]
[White "Liang, Awonder"]
[Black "Li, Ruifeng"]
[Result "1-0"]
[WhiteElo "2266"]
[BlackElo "2351"]
[PlyCount "99"]
[EventDate "2014.12.??"]
[EventType "swiss"]
[EventRounds "9"]
[EventCountry "USA"]
[Source "MonRoi"]

1. e4 g6 2. d4 Bg7 3. Nc3 d6 4. Nf3 Nd7 5. Bc4 e6 6. Bg5 Ne7 7. Qd2 h6 8. Be3
a6 9. a4 b6 10. Bb3 Bb7 11. O-O Nf6 12. Qd3 O-O 13. h3 d5 14. e5 Ne4 15. Nd2
Nxc3 16. Qxc3 Nf5 17. g4 Nxe3 18. Qxe3 f5 19. c3 fxg4 20. hxg4 g5 21. Bc2 Rf4
22. f3 a5 23. Rf2 Ba6 24. Nf1 Bxf1 25. Raxf1 Qe7 26. Qd3 c5 27. Rh2 Kf8 28. Qg6
Qf7 29. Rxh6 Qxg6 30. Rxg6 cxd4 31. cxd4 Rxd4 32. Rxg5 Rc8 33. Bh7 Rxa4 34. f4
Rc7 35. f5 exf5 36. Bxf5 Rb4 37. Bd7+ Kg8 38. Be6+ Kh7 39. Bf5+ Kg8 40. Be6+
Kh7 41. Kh1 Rd4 42. Bf5+ Kg8 43. Bg6 Bh6 44. Rh5 Bf8 45. Bf5 Re7 46. Rg5+ Bg7
47. e6 a4 48. Bg6 Bh6 49. Bf7+ Kh7 50. Rh5 1-0

[Event "North American Open 2014"]
[Site "Las Vegas"]
[Date "2014.12.30"]
[Round "9.14"]
[White "Atoufi, Pedram"]
[Black "Colas, Joshua"]
[Result "0-1"]
[WhiteElo "2274"]
[BlackElo "2220"]
[PlyCount "72"]
[EventDate "2014.12.??"]
[EventType "swiss"]
[EventRounds "9"]
[EventCountry "USA"]
[Source "MonRoi"]

1. e4 c5 2. Nf3 e6 3. d4 cxd4 4. Nxd4 a6 5. Nc3 b5 6. Bd3 Qb6 7. Be3 Qc7 8. O-O
Bb7 9. f4 d6 10. f5 e5 11. Ndxb5 axb5 12. Nxb5 Qd8 13. c4 Nf6 14. Qf3 Be7 15.
b4 Nc6 16. a3 O-O 17. g4 Nd7 18. h4 Nd4 19. Qg2 Nxb5 20. cxb5 Bxh4 21. g5 f6
22. g6 Bg5 23. gxh7+ Kh8 24. Bxg5 fxg5 25. a4 d5 26. a5 dxe4 27. Bxe4 Bxe4 28.
Qxe4 Nf6 29. Qe3 Qd5 30. Qc5 Qb3 31. Rac1 Ne4 32. Qc6 Qg3+ 33. Kh1 Nf2+ 34.
Rxf2 Qxf2 35. Qg2 Qh4+ 36. Kg1 Rac8 0-1

[Event "North American Open 2014"]
[Site "Las Vegas"]
[Date "2014.12.30"]
[Round "9.15"]
[White "Gareyev, Timur"]
[Black "Feng, Roland"]
[Result "1-0"]
[WhiteElo "2621"]
[BlackElo "2139"]
[PlyCount "109"]
[EventDate "2014.12.??"]
[EventType "swiss"]
[EventRounds "9"]
[EventCountry "USA"]
[Source "MonRoi"]

1. d4 Nf6 2. c4 e6 3. e3 b6 4. Nc3 Bb7 5. Nge2 d5 6. cxd5 exd5 7. g3 Bd6 8. Bg2
O-O 9. O-O Nbd7 10. Nf4 Bxf4 11. gxf4 Ne4 12. Ne2 Ba6 13. f3 Nd6 14. Rf2 c6 15.
Ng3 f5 16. b3 Nf6 17. Ba3 g6 18. Qd2 Re8 19. Re1 Qd7 20. Bh3 Qc7 21. Bf1 Bxf1
22. Rfxf1 Re6 23. Ne2 Rae8 24. Nc1 Nb5 25. Bb2 Qe7 26. a4 Nd6 27. Ba3 Nc4 28.
Bxe7 Nxd2 29. Bxf6 Nxf1 30. Be5 Nd2 31. Kf2 c5 32. Rd1 Nb1 33. dxc5 bxc5 34.
Rxd5 Rc6 35. Rd7 a5 36. Ne2 Rb6 37. Rg7+ Kf8 38. Rxh7 Rxb3 39. Rc7 Ra3 40. Rxc5
Rxa4 41. Rc2 Kf7 42. Nd4 Re7 43. h4 Rd7 44. h5 gxh5 45. Kg3 Ra3 46. Nxf5 Kg6
47. Rc6+ Kf7 48. Rf6+ Kg8 49. Rg6+ Kf7 50. Rg7+ Ke8 51. Rg8+ Kf7 52. Rc8 Nd2
53. Bc3 Nf1+ 54. Kf2 Ra2+ 55. Kxf1 1-0

[Event "North American Open 2014"]
[Site "Las Vegas"]
[Date "2014.12.30"]
[Round "9.16"]
[White "Hu, Bryan"]
[Black "Arenas, David"]
[Result "1-0"]
[WhiteElo "2185"]
[BlackElo "2435"]
[PlyCount "83"]
[EventDate "2014.12.??"]
[EventType "swiss"]
[EventRounds "9"]
[EventCountry "USA"]
[Source "MonRoi"]

1. Nf3 Nf6 2. c4 g6 3. g3 Bg7 4. Bg2 O-O 5. O-O d6 6. Nc3 e5 7. d4 Nbd7 8. e4
c6 9. h3 Qa5 10. d5 cxd5 11. exd5 a6 12. Be3 b5 13. Nd2 Rb8 14. cxb5 axb5 15.
a4 bxa4 16. Nc4 Qc7 17. Qxa4 Bb7 18. Nb5 Qd8 19. Rfd1 Ra8 20. Ba7 Nc5 21. Qa3
Ba6 22. Ncxd6 Bxb5 23. Nxb5 Nfd7 24. d6 e4 25. Nc7 Rxa7 26. Qxa7 e3 27. Qa3
exf2+ 28. Kxf2 Ne6 29. Kg1 Nd4 30. Rd2 h5 31. Rad1 Nf5 32. Nd5 Kh7 33. Ne7 Qb6+
34. Kh1 Ne3 35. Nd5 Nxd5 36. Bxd5 Re8 37. Qa4 Rd8 38. Bxf7 Ne5 39. Qb3 Qa7 40.
Be6 Rb8 41. Qd5 Qe3 42. Qg2 1-0

[Event "North American Open 2014"]
[Site "Las Vegas"]
[Date "2014.12.30"]
[Round "9.18"]
[White "Wheeler, Cameron"]
[Black "Pazos, Plinio"]
[Result "1-0"]
[WhiteElo "2284"]
[BlackElo "2212"]
[PlyCount "167"]
[EventDate "2014.12.??"]
[EventType "swiss"]
[EventRounds "9"]
[EventCountry "USA"]
[Source "MonRoi"]

1. c4 c5 2. g3 Nc6 3. Bg2 g6 4. Nc3 Bg7 5. Nf3 e6 6. O-O Nge7 7. d3 d6 8. a3 b6
9. Bg5 Bb7 10. Rb1 Qd7 11. Ne4 Ng8 12. Bd2 f5 13. Nc3 Nf6 14. b4 O-O 15. bxc5
dxc5 16. a4 Rad8 17. Qc1 Nh5 18. Rd1 Ba8 19. Nb5 Rfe8 20. a5 Rb8 21. axb6 axb6
22. Bc3 e5 23. Ra1 Nd4 24. Bxd4 cxd4 25. Ra7 Qd8 26. Qa3 Bf8 27. Qa2 Bc5 28.
Ra1 e4 29. Nd2 Bc6 30. Nb3 Nf6 31. Qa6 Re6 32. Nc7 Rd6 33. Nb5 Re6 34. Nxc5
bxc5 35. dxe4 Nxe4 36. Qa3 Qf8 37. Nc7 Rf6 38. Ra5 Rc8 39. Na6 Nc3 40. e3 Bxg2
41. Kxg2 Rfc6 42. exd4 cxd4 43. Qxf8+ Kxf8 44. c5 d3 45. R5a3 Rxa6 46. Rxa6 d2
47. Rd6 d1=Q 48. Raxd1 Nxd1 49. Rxd1 Rxc5 50. Rd7 Kg8 51. Kf3 Rc2 52. h4 h6 53.
h5 Rc3+ 54. Kf4 Rc4+ 55. Ke5 gxh5 56. Kxf5 Rc6 57. Kf4 Rf6+ 58. Ke3 Re6+ 59.
Kf3 Rf6+ 60. Kg2 Rf5 61. f3 Ra5 62. Kh3 Ra3 63. f4 Ra1 64. Rd5 Kg7 65. Rxh5 Kg6
66. Kg4 Ra3 67. Rb5 Rc3 68. Rb6+ Kg7 69. Rb7+ Kf6 70. Rh7 Kg6 71. Ra7 Rb3 72.
f5+ Kf6 73. Ra6+ Kg7 74. Rg6+ Kh7 75. Kh5 Ra3 76. Rxh6+ Kg7 77. Rg6+ Kf7 78. g4
Ra1 79. Kg5 Ra7 80. Rh6 Ra4 81. Rh7+ Kg8 82. Rb7 Rc4 83. Kh5 Rc6 84. g5 1-0

[Event "North American Open 2014"]
[Site "Las Vegas"]
[Date "2014.12.30"]
[Round "9.21"]
[White "Winer, Steven"]
[Black "Virkud, Apurva"]
[Result "1/2-1/2"]
[WhiteElo "2380"]
[BlackElo "2095"]
[PlyCount "63"]
[EventDate "2014.12.??"]
[EventType "swiss"]
[EventRounds "9"]
[EventCountry "USA"]
[Source "MonRoi"]

1. d4 d5 2. c4 e6 3. Nc3 Nf6 4. cxd5 exd5 5. Bg5 Be7 6. e3 c6 7. Qc2 Nbd7 8.
Bd3 O-O 9. Nf3 Re8 10. h3 Nf8 11. O-O Ng6 12. Bxf6 Bxf6 13. b4 Be6 14. Na4 Qe7
15. b5 cxb5 16. Bxb5 Rec8 17. Qb3 b6 18. Rac1 Qd6 19. Ba6 Rxc1 20. Rxc1 Nh4 21.
Nxh4 Bxh4 22. Nc3 Bc8 23. Nb5 Bxf2+ 24. Kxf2 Qf6+ 25. Kg1 Bxa6 26. Qxd5 Rd8 27.
Qb3 Qg5 28. Nxa7 Bb7 29. Nc6 Re8 30. Rc3 h6 31. d5 Qg3 32. Qc4 1/2-1/2